LEADER 00839nam2-2200313---450 001 990002942880203316 005 20211025103507.0 010 $a88-491-2698-0 035 $a000294288 035 $aUSA01000294288 035 $a(ALEPH)000294288USA01 035 $a000294288 100 $a20070611d2006----km-y0itay0103----ba 101 0 $aita 102 $aIT 105 $a||||||||001yy 200 1 $aChiese e guerre 210 $aBologna$cClueb$d2006 215 $a200 p.$d24 cm 461 1$1001000140217$12001$aStoria e problemi contemporanei 606 $aStoria contemporanea$xPeriodici$zSec.20$2BNCF 676 $a909.8205 801 0$aIT$bsalbc$gISBD 912 $a990002942880203316 951 $aX.3.B. 4281$b194232 L.M.$cX.3.$d00159479 959 $aBK 969 $aUMA 996 $aChiese e guerre$91030702 997 $aUNISA LEADER 01041nam a2200277 i 4500 001 991004053709707536 008 020 $a2724604539 035 $ab14429767-39ule_inst 040 $aDip.to di Storia, Società e Studi sull'Uomo$bita 082 04$a338.1844 082 04$a944.2 100 1 $aBois, Guy$0174299 245 10$aCrise du feodalisme /$cGuy Bois 250 $a2. ed. 260 $aParis :$bPresses de la Fondation nationale des sciences politiques,$c1981 300 $a410 p. :$bill. ;$c19 cm. 490 0 $aRéférences ;$v2 650 4$aEconomia agraria$zNormandia orientale$ySec. 14.-16. 650 4$aProprietà fondiaria$zNormandia orientale$ySec. 14.-16. . N 907 $a.b14429767$b25-02-22$c01-02-22 912 $a991004053709707536 945 $aLE023 Fondo Brambilla 1208$g1$i2023000212820$lle023$o-$pE12.82$q-$rn$so $t0$u0$v0$w0$x0$y.i15993802$z01-02-22 996 $aCrise du feodalisme$9607137 997 $aUNISALENTO 998 $ale023$b01-02-22$cm$da $e-$ffre$gfr $h0$i0 LEADER 01109pam a22003014a 4500 001 991003495909707536 008 180426s2017 it a 001 0 ita d 020 $a9788808186102 035 $ab14342078-39ule_inst 040 $aBibl. Dip.le Aggr. Matematica e Fisica - Sez. Fisica$beng 082 04$a530$222 084 $aLC QC23 084 $a53(022) 100 1 $aGiancoli, Douglas C.$066000 245 10$aFisica :$bcon fisica moderna /$cDouglas C. Giancoli ; curatori dell'ed. italiana Marco Cuffiani...[et al.] 250 $aTerza edizione 260 $aMilano :$bCEA,$c2017 300 $axxvii, 1103 p. :$bill. (some col.) ;$c27 cm 500 $aIncludes appendix and index 650 4$aModern physics 700 1 $aCuffiani, Marco 740 0 $aPhysics : principles and applications, 7th ed. 907 $a.b14342078$b27-04-18$c27-04-18 912 $a991003495909707536 945 $aLE006 53(022+076) GIA$g1$i2006000179973$lle006$og$pE92.50$q-$rl$s- $t0$u0$v0$w0$x0$y.i15845655$z27-04-18 996 $aFisica$9240876 997 $aUNISALENTO 998 $ale006$b26-04-18$cm$da $e-$fita$git $h0$i0